| 000 | 00819nam a22002292 4500 | ||
|---|---|---|---|
| 001 | 0000004453 | ||
| 005 | 20151217145809.0 | ||
| 008 | 070523s xx 000 0 eng d | ||
| 020 |
_a0471121754 : _cKES 300 (donation) |
||
| 040 |
_aKABU _cKABU |
||
| 050 | 0 |
_aQA76.9 _b.D348T65 |
|
| 100 | 1 |
_aToigo, Jon William. _@0000155025 |
|
| 245 | 1 | 0 |
_aDisaster recovery planning. : _bfor computers and communication resources / _cJon William Toigo. |
| 260 |
_aNew York : _bJohn Wiley & Sons, _cc1996. |
||
| 300 |
_axxii, 329 p. ; _c24 cm + _e1 computer disk (3.5 in. ) |
||
| 650 | 0 |
_aEmergency management. _@0000155026 |
|
| 650 | 0 |
_aData recovery (Computer science) _xPlanning. _@0000155027 |
|
| 650 | 0 |
_aData protection. _@0000155028 |
|
| 908 | _a070523 | ||
| 950 | _@1 | ||
| 999 |
_c2695 _d2695 |
||